La nochevieja de montalbano /

Guardado en:
Autor Principal: Camilleri, Andrea
Otros Autores: Menini Pagés, María Antonia ; trad.
Formato: Libro
Publicado: Barcelona : Salamandra, 2010
Series:Narrativa Salamandra
Materias:
Etiquetas: Agregar Etiqueta
Sin Etiquetas, Sea el primero en etiquetar este registro!
LEADER 00672nam a22002175a 4500
001 CEM.cems014723
005 20160627162035.0
008 130507s2010##################000#0#####d
003 CEMS
020 |a 9788478887125 
082 0 4 |a 853.9 
100 1 |a Camilleri, Andrea 
245 1 0 |a La nochevieja de montalbano /  |c Andrea Camilleri ; traducido Por María Antonia Menini Pagés 
260 |a Barcelona :  |b Salamandra,  |c 2010 
300 |a 333 p. 
490 0 |a Narrativa Salamandra 
653 |a Literaura 
653 |a Literatura italiana 
653 |a Narración 
700 1 |a Menini Pagés, María Antonia ; trad. 
859 |a CEMS  |b BIB. CEMS - 11 de abril  |h 853.9  |i C183  |p 27316.16  |t Ej.1